00489nam a22001817a 450000500170000000800410001704000070005804100120006508200210007710000190009824500390011726000370015630000320019336500300022565000110025565000200026670000210028620220729163254.0220729b ||||| |||| 00| 0 eng d cAL aEnglish 223a350.72bTHAF aM J K Thavaraj aFinancial Management of Government aNew DelhibSultan Chand and sons axvi,928 p.bHBc22x14.2 cm. b₹100.00c₹d₹100.00 aIndia  aFinance, Public aTHAVARAJ (M J K)